000 00803nam a22002175a 4500
003 OSt
005 20170226124400.0
008 160828n200? ua frb 000 0 ara d
040 _aEG-ScBUE
_bara
_cEG-ScBUE
082 0 4 _a320.5
_bب د و
_222
100 1 _aبدوي، ثروت.
245 1 0 _aأصول الفكر السياسي والنظريات والمذاهب السياسية الكبرى /
_cتأليف ثروت بدوي.
260 _aالقاهرة :
_bدار النهضة العربية،
_c?200.
300 _a208 ص. ؛
_c24 سم.
504 _aيشتمل على إرجاعات ببليوجرافية.
650 7 _2BUEsh
_aالمذاهب السياسية.
_917079
650 7 _aالفكر السياسي.
_933093
_2BUEsh
651 _2BUEsh
653 _bLLAAWW
_cFebruary2017
942 _2ddc
999 _c24261
_d24233